Online Catalogue and eLibrary

Yashorawaya (Record no. 5155)

MARC details
000 -LEADER
fixed length control field 00344nam a2200133Ia 4500
005 - DATE AND TIME OF LATEST TRANSACTION
control field 20250702024033.0
008 - FIXED-LENGTH DATA ELEMENTS--GENERAL INFORMATION
fixed length control field 240331s9999 xx 000 0 und d
082 ## - DDC Classification
Item Number - Author Mark NIR
Class No. 792
100 ## - MAIN ENTRY--PERSONAL NAME
Personal name Niriella,C
245 #0 - TITLE STATEMENT
Title Yashorawaya
300 ## - PHYSICAL DESCRIPTION
Extent (e.g. Volumes, Pages etc.) 221 p .,
500 ## - GENERAL NOTE
General note A teledrama based on the novel " Yashorawaya" by somaweera Senanayake
942 ## - Koha item type (Biblio)
Koha item type Books in Stacks (Lending)
Holdings
Lost status Damaged status Collection code Home library Current library Shelving location Date acquired Full call number Accession Number Item type
    Lending WERC Library WERC Library Social Science Cupboard 03/31/2024 792 NIR 1411 Books in Stacks (Lending)

© WERC Library